| 000 | 01033nas a2200337 4500 | ||
|---|---|---|---|
| 001 | BR2014002728 | ||
| 003 | BR-BrBNA | ||
| 005 | 20231205123944.0 | ||
| 007 | ta | ||
| 008 | 230509b bl.|||p| |||| 00| 00por d | ||
| 040 |
_aBR-BrBNA _bpor _cBiblioteca Nacional de Agricultura |
||
| 041 | _a(Pt) | ||
| 072 | _aF61 | ||
| 100 | 1 | _aLaviola, B.G. | |
| 100 | 1 | _aMartinez, H.E.P. | |
| 100 | 1 | _aSalomão, C.C. | |
| 100 | 1 | _aCruz, C.D. | |
| 100 | 1 | _aMendonça, S.M. | |
| 100 | 1 | _aRosado, L.D.S. | |
| 245 | 1 | _aAcúmulo de nutrientes em frutos de cafeeiro em duas altitudes de cultivo: micronutrientes | |
| 650 | _aCAFÉ | ||
| 650 | _aFISIOLOGIA VEGETAL | ||
| 650 | _aNUTRIENTE MINERAL | ||
| 650 | _aTEMPERATURA | ||
| 650 | _aCÁLCIO | ||
| 650 | _aMAGNÉSIO | ||
| 773 | 0 |
_tRevista Brasileira de Ciência do Solo (Brazil) _xISSN 0100-0683 _g(Nov-Dec 2007), v. 31(6) p. 1439-1449 _wBR2014002728 |
|
| 856 | 4 | 0 | _uhttp://www.scielo.br/pdf/rbcs/v31n6/21.pdf |
| 909 |
_a202311 _bLúcia _c55 _dLúcia Elande |
||
| 942 |
_2AGRIS _n0 _cANA |
||
| 999 |
_c236590 _d236590 |
||